| 000 | 01310nam a2200349 a 4500 | ||
|---|---|---|---|
| 999 |
_c173101 _d173101 |
||
| 003 | BLK | ||
| 005 | 20250312161651.0 | ||
| 008 | 180411b bul|||||r ||||||| ||bul|| | ||
| 010 | _aKNG00181481000 | ||
| 040 | _aBLK | ||
| 041 |
_aBUL _cBUL |
||
| 080 |
_aБългарска литература _b821.163.2 _x-1 _z821.163.2-1 |
||
| 139 |
_aСептемврийска литература _bС 33 |
||
| 245 | 1 | 0 |
_aСептемврийска поезия _cпредг. от Тончо Жечев |
| 257 | _aBGR | ||
| 260 |
_bБълг. писател _c1964 _aСофия |
||
| 300 |
_a128 с. _c21 см |
||
| 380 | _aX | ||
| 490 |
_aБиблиотека за ученика _9201322 |
||
| 500 | _a15 100 тир. | ||
| 650 | 0 |
_aСептемврийско въстание 1923 - в художествената литература _9274924 |
|
| 653 | 7 |
_aстихотворения _9197459 |
|
| 653 | 7 |
_aСептемврийско въстание 1923 _9196473 |
|
| 700 |
_aЖечев, Тончо _gТонев, Тончо Жечев _9249780 |
||
| 852 |
_aЦб 31270 _bЦб |
||
| 856 | 4 | _qpdf | |
| 856 | 4 | _qpdf | |
| 942 |
_cKNG _n0 _s1 _01 |
||
| 944 |
_aCR _c10.09.2015 _lИвелин Русев _k30563 |
||
| 944 |
_aED _c10.09.2015 _lф / _kЛюдмила_Стоянова |
||
| 999 | _d173101 | ||